• 首页
  • 本馆介绍
  • 公告通知
  • 最新文献
  • 馆藏检索
  • 电子资源
  • 读者导购
  • 参考咨询
  • 我的图书馆
  • 登录
  • 详细信息显示
  • 放入我的书架
  • 预约/预借图书
  • 作者相关作品
  • 分类相关作品
  • 丛书相关作品
  • 出版社相关作品

书目信息

  • 表格格式
  • 工作单格式
  • 卡片格式
题名:
台式电子计算机
    
 
作者: ;华东工程学院 , 南京有线电厂 著
分册:  
出版信息: 北京   科学出版社  1980
页数: 358页
开本: 25cm
丛书名:
单 册:
中图分类: TP323 , TP36
科图分类:
主题词: 台式计算器 , 微型计算机
电子资源:
ISBN:
000 00767nam0 2200277 45
001 0180005879
005 20040521103730.8
010    @dCNY2.40
091    @a15031.266
100    @a19950413d1980 em y0chiy0121 ea
101 0  @achi
102    @aCN@b110000
105    @ay z 000yy
106    @ar
200 10 @a台式电子计算机@Atai shi dian zi ji suan ji@f华东工程学院, 南京有线电厂著
210    @a北京@c科学出版社@d1980
215    @a358页@d25cm
606    @a台式计算器
606 0  @a微型计算机
690    @aTP323@v3
690    @aTP36
711 02 @a华东工程学院@Ahua dong gong cheng xue yuan@4著
711 02 @a南京有线电厂@Anan jing you xian dian chang@4著
801  0 @aCN@b上海图书馆@c20040521
801  2 @aCN@bNLC@c20040521
905    @f1@b32981@dTP36@e8
    
    台式电子计算机/华东工程学院, 南京有线电厂著.-北京:科学出版社,1980
    358页;25cm
    
    
    ISBN :CNY2.40
    
●
相关链接 在E读中查询图书 在五车中查询图书 在当当中查询图书 在豆瓣中查询图书


正题名:台式电子计算机     索取号:TP36/8         预约/预借

序号 登录号 条形码 馆藏地/架位号 状态 备注
1 0032980   001636527   第二样本阅览室/ [索取号:TP36/8] 在馆    
2 0032981   001636359   密集书库/ [索取号:TP36/8] 在馆    
唐山师范学院图书馆 欢迎您!
大连网信软件有限公司© 版权所有